| 000 | 00555nam a22001457a 4500 | ||
|---|---|---|---|
| 003 | macl | ||
| 005 | 20170905125713.0 | ||
| 008 | 170905b xxu||||| |||| 00| 0 eng d | ||
| 040 | _cmacl | ||
| 100 |
_aसपां. हरिप्रसाद जोशी _968979 |
||
| 245 | _aप्रसाद के लोकप्रिय उपन्यास(इरावती, तितली) | ||
| 260 |
_aदिल्ली _bराजकुमार एण्ड संस _c2016 |
||
| 650 |
_aउपन्यास _968980 |
||
| 942 |
_2ddc _cHIN |
||
| 999 |
_c56973 _d56973 |
||